<?xml version="1.0" encoding="UTF-8"?>
<record
    xmlns:xsi="http://www.w3.org/2001/XMLSchema-instance"
    xsi:schemaLocation="http://www.loc.gov/MARC21/slim http://www.loc.gov/standards/marcxml/schema/MARC21slim.xsd"
    xmlns="http://www.loc.gov/MARC21/slim">

  <leader>01035cam a2200253Ia 4500</leader>
  <controlfield tag="001">u26607</controlfield>
  <controlfield tag="003">SIRSI</controlfield>
  <controlfield tag="007">heabmb---bacu</controlfield>
  <controlfield tag="008">050126s1980    ua a    bb    000 0 eng d</controlfield>
  <datafield tag="040" ind1=" " ind2=" ">
    <subfield code="a">EAL</subfield>
  </datafield>
  <datafield tag="090" ind1=" " ind2=" ">
    <subfield code="a">Thesis</subfield>
    <subfield code="b"> S-8122</subfield>
  </datafield>
  <datafield tag="100" ind1="1" ind2=" ">
    <subfield code="a">Nassef,Ashga Mahmoud El-Adawi.</subfield>
  </datafield>
  <datafield tag="245" ind1="1" ind2="0">
    <subfield code="a">Studies on storge stability of irradiated potatoes from biochemical and technological point of view</subfield>
    <subfield code="h">[microform]/</subfield>
    <subfield code="c">Ashga Mahmoud El-Adawi Nassef.</subfield>
  </datafield>
  <datafield tag="246" ind1="1" ind2="5">
    <subfield code="a">&#x62F;&#x631;&#x627;&#x633;&#x627;&#x62A; &#x639;&#x644;&#x64A; &#x642;&#x62F;&#x631;&#x629; &#x627;&#x62D;&#x62A;&#x641;&#x627;&#x638; &#x62F;&#x631;&#x646;&#x627;&#x62A; &#x627;&#x644;&#x628;&#x637;&#x627;&#x637;&#x633; &#x627;&#x644;&#x645;&#x639;&#x627;&#x645;&#x644;&#x629; &#x628;&#x627;&#x644;&#x623;&#x634;&#x639;&#x627;&#x639; &#x639;&#x644;&#x64A; &#x635;&#x641;&#x627;&#x62A; &#x627;&#x644;&#x62A;&#x62E;&#x632;&#x64A;&#x646;.</subfield>
  </datafield>
  <datafield tag="300" ind1=" " ind2=" ">
    <subfield code="a">70,2Leaves :</subfield>
    <subfield code="b">ill. ;</subfield>
    <subfield code="c">30 cm.</subfield>
  </datafield>
  <datafield tag="502" ind1=" " ind2=" ">
    <subfield code="a">Thesis (M.S.)--Mansoura University,1980</subfield>
  </datafield>
  <datafield tag="504" ind1=" " ind2=" ">
    <subfield code="a">Includes bibliographical references (leaves 60-70 )</subfield>
  </datafield>
  <datafield tag="533" ind1=" " ind2=" ">
    <subfield code="a">Microfiche.</subfield>
    <subfield code="b">Cairo, Egypt :</subfield>
    <subfield code="c">ASUNET,</subfield>
    <subfield code="e">2  microfiches:negative.</subfield>
  </datafield>
  <datafield tag="546" ind1=" " ind2=" ">
    <subfield code="a">Summary in Arabic.</subfield>
  </datafield>
  <datafield tag="596" ind1=" " ind2=" ">
    <subfield code="a">1</subfield>
  </datafield>
  <datafield tag="650" ind1=" " ind2="0">
    <subfield code="a">Potatoes </subfield>
    <subfield code="x"> Radiation preservation.</subfield>
  </datafield>
  <datafield tag="650" ind1=" " ind2="0">
    <subfield code="a">Potatoes </subfield>
    <subfield code="x"> Storage.</subfield>
  </datafield>
  <datafield tag="942" ind1=" " ind2=" ">
    <subfield code="c">MIC</subfield>
    <subfield code="2">lcc</subfield>
  </datafield>
  <datafield tag="952" ind1=" " ind2=" ">
    <subfield code="0">0</subfield>
    <subfield code="1">0</subfield>
    <subfield code="2">lcc</subfield>
    <subfield code="4">0</subfield>
    <subfield code="7">0</subfield>
    <subfield code="a">ENAL</subfield>
    <subfield code="b">ENAL</subfield>
    <subfield code="d">2018-02-19</subfield>
    <subfield code="l">0</subfield>
    <subfield code="o">THESIS S-8122</subfield>
    <subfield code="p">27561-1001</subfield>
    <subfield code="r">2018-02-19 00:00:00</subfield>
    <subfield code="t">1</subfield>
    <subfield code="w">2018-02-19</subfield>
    <subfield code="y">MIC</subfield>
  </datafield>
  <datafield tag="999" ind1=" " ind2=" ">
    <subfield code="c">7091</subfield>
    <subfield code="d">7091</subfield>
  </datafield>
</record>
